000 01002nam a2200289 i 4500
003 EG-GICUC
005 20260121101350.0
008 251127t2009 ua ||||f |||| 00| 0 ara d
024 _q2009/14575
027 _q978-977-04-6166-6
040 _a EG-GICUC
_bara
_c EG-GICUC
_d EG-GICUC
_erda
082 0 4 _221
_a341.48
_bم ح . م
092 0 4 _221
_a341.48
_bم ح . م
099 _aLaw1 011 341.48 م ح . م 2009
100 0 _aمحمد الطاهر.
_eمؤلف.
245 _aالحماية الدولية للاقليات فى القانون الدولى العام المعاصر /
_cمحمد الطاهر.
300 _a307 صفحة ؛
_c24 سم
336 _2rda content
_atext
337 _2rda media
_aComputer
338 _2rda carrier
_aOnline Resource
504 _a. 288-271 ببليوجرافيا: صفحات.
650 1 _aالاقليات.
_2qrmak
651 1 _2qrmak
856 4 0 _uhttps://fll.law.cu.edu.eg/fulltext/bks/B11-06307.pdf
905 _a58
942 _2ddc
_cBK
_e21
_n0
999 _c46388
_d46388